000 00785nam a2200229Ia 4500
003 GCL
008 140319s9999 xx 000 0 ara d
020 _a*337208977
040 _aGCL /
_cGCL
082 0 4 _a956
_bم م
100 1 _aمحمد على حوات
245 1 0 _aمفهوم الشرق اوسطية وتاثيرها على الامن القومى العربى /
_cمحمد على حوات
250 _aالاولى
260 _aالقاهرة :
_bمكتبة مدبولى ،
_c2002
300 _a435 ص
650 0 4 _aالتخطيط الاقتصادى
650 0 4 _aالنزاع العربى الاسرائيلى
650 0 4 _aالامن القومى
650 0 4 _aالسياسة العسكرية
650 0 4 _aالشرق الاوسط - تاريخ
942 _2ddc
_cBK
999 _c2551
_d2551